| Поле | Инд. | ПП | Название | Значение |
|---|---|---|---|---|
| Тип записи | a | |||
| Библиографический уровень | m | |||
| 001 | Контрольный номер | RU/IS/BASE/503064059 | ||
| 005 | Дата корректировки | 20250901093025.9 | ||
| 008 | Кодируемые данные | 20151210 | ||
| 040 | 00 | e | Правила каталог. | Л 971105 |
| 084 | a | Индекс другой классификации/Индекс ББК | 84(4Вел)52-44 | |
| 090 | 00 | a | Полочн. индекс | 84(4Вел)52-44 |
| x | Авторский знак | Д 454 | ||
| 097 | 00 | a | 230 | |
| 100 | 10 | a | Автор | Диккенс Ч. |
| q | Полное имя | Диккенс Чарльз | ||
| 245 | 00 | a | Заглавие | Большие надежды |
| b | Продолж. заглавия | роман | ||
| c | Ответственность | перевод с английского М. Лорие; послесловие, примечания Н. Михальской | ||
| 260 | 00 | a | Место издания | Москва |
| b | Издательство | Художественная литература | ||
| c | Дата издания | 1987 | ||
| 300 | 00 | a | Объем | 384 с. |
| 336 | a | Термин вида содержания | Текст | |
| 337 | a | Термин типа средства | непосредственный | |
| 440 | _0 | a | Серия | Классики и современники |
| 440 | _0 | a | Серия | Зарубежная литература |
| 504 | a | Библиография | Примеч.: с. 383 | |
| 505 | 0_ | a | Форматированное содержание | Роман Диккенса "Большие надежды" |
| b | Автор | Михальская Н. | ||
| 521 | a | Примеч. о целев. назн. | Колледж Дубна (чистые) | |
| 650 | 04 | a | Основная рубрика | художественная литература |
| 653 | 00 | a | Ключевые слова | XIX век |
| a | Ключевые слова | английская литература | ||
| a | Ключевые слова | Великобритания | ||
| 655 | 00 | a | Жанр/ форма (устаревшее) | проза |
| a | Жанр/ форма (устаревшее) | роман | ||
| 700 | 10 | a | Автор | Лорие М. |
| e | Роль лиц | переводчик | ||
| 700 | 10 | a | Автор | Михальская Н. |
| e | Роль лиц | автор послесловия | ||
| e | Роль лиц | автор примечаний | ||
| 720 | a | Наименование подборки | История литературы стран изучаемого языка | |
| e | Признак/вид подборки | Тематические подборки | ||
| 787 | 18 | w | Контрольный номер связываемой записи | RU/IS/BASE/263562473 |
| w | Контрольный номер связываемой записи | RU/IS/BASE/264546013 | ||
| w | Контрольный номер связываемой записи | RU/IS/BASE/415196006 | ||
| 901 | t | Тип документа | m | |
| 952 | a | Тип литературы для КСУ ВШ | ЛХИ |